00331nam a2200133Ia 45000030006000000080041000060400015000471000025000622450040000872500010001272600031001375460012001680050017001800STCL150530s9999 xx 000 0 und d aSTCLcSTCL aJamshed Batliboi, R. aPrinciples and practice of auditing aTenth bStandard accountancyc1954 aEnglish20220125170540.0